<?xml version="1.0" encoding="UTF-8" ?>
<collection xmlns="http://www.loc.gov/MARC21/slim"><record><leader>01061nam a2200277   4500</leader><controlfield tag="001">80938</controlfield><controlfield tag="003">CH-000273-5</controlfield><controlfield tag="005">20180913132319.0</controlfield><datafield tag="035" ind1=" " ind2=" "><subfield code="a">(OCoLC)183379892</subfield></datafield><datafield tag="040" ind1=" " ind2=" "><subfield code="a">CH-000273-5</subfield><subfield code="b">ger</subfield><subfield code="e">rda</subfield></datafield><datafield tag="041" ind1=" " ind2=" "><subfield code="a">ger</subfield></datafield><datafield tag="110" ind1="2" ind2="0"><subfield code="a">Historisches Museum Frankfurt</subfield><subfield code="e">Verfasser</subfield><subfield code="4">aut</subfield></datafield><datafield tag="245" ind1="0" ind2="0"><subfield code="a">Kleine Schriften des Historischen Museums Frankfurt</subfield></datafield><datafield tag="246" ind1="3" ind2="3"><subfield code="f">Haupttitel teils</subfield><subfield code="a">Kleine Schriften des Historischen Museums</subfield></datafield><datafield tag="246" ind1="3" ind2="3"><subfield code="f">Haupttitel teils</subfield><subfield code="a">Kleine Schriften des Historischen Museums Frankfurt a.M.</subfield></datafield><datafield tag="246" ind1="3" ind2="3"><subfield code="f">Haupttitel teils</subfield><subfield code="a">Kleine Schriften des Historischen Museums Frankfurt am Main</subfield></datafield><datafield tag="246" ind1="3" ind2="3"><subfield code="f">Haupttitel teils</subfield><subfield code="a">Kleine Schriften des Historischen Museums in Frankfurt, Main</subfield></datafield><datafield tag="264" ind1="3" ind2="1"><subfield code="a">[Wechselnde Verlagsorte]</subfield><subfield code="b">[Wechselnde Verlage]</subfield><subfield code="c">1954-</subfield></datafield><datafield tag="300" ind1=" " ind2=" "><subfield code="a">Bände</subfield><subfield code="c">22 cm</subfield></datafield><datafield tag="310" ind1=" " ind2=" "><subfield code="a">Unregelmässig</subfield></datafield><datafield tag="336" ind1=" " ind2=" "><subfield code="a">Text</subfield><subfield code="b">txt</subfield><subfield code="2">rdacontent</subfield></datafield><datafield tag="336" ind1=" " ind2=" "><subfield code="a">unbewegtes Bild</subfield><subfield code="b">sti</subfield><subfield code="2">rdacontent</subfield></datafield><datafield tag="337" ind1=" " ind2=" "><subfield code="a">ohne Hilfsmittel zu benutzen</subfield><subfield code="b">n</subfield><subfield code="2">rdamedia</subfield></datafield><datafield tag="338" ind1=" " ind2=" "><subfield code="a">Band</subfield><subfield code="b">nc</subfield><subfield code="2">rdacarrier</subfield></datafield><datafield tag="362" ind1=" " ind2=" "><subfield code="a">1(1954)-</subfield></datafield><datafield tag="655" ind1="0" ind2="7"><subfield code="a">Monografische Reihe</subfield><subfield code="2">gnd-content</subfield></datafield></record></collection>